书目信息 |
| 题名: |
兰花花叶多艺品鉴赏
|
|
| 作者: | 刘清涌 编著 | |
| 分册: | ||
| 出版信息: | 福州 福建科学技术出版社 2002 |
|
| 页数: | 73页 | |
| 开本: | 20cm | |
| 丛书名: | ||
| 单 册: | ||
| 中图分类: | S682.31 | |
| 科图分类: | ||
| 主题词: | 观赏园艺 , 兰科--花卉--鉴赏--图集 , 园林树木 | |
| 电子资源: | ||
| ISBN: | 7-5335-2044-0 | |
| 000 | 00633nam0 2200217 45 | |
| 001 | 0305131644 | |
| 005 | 20031219104110.1 | |
| 010 | @a7-5335-2044-0@dCNY18.00 | |
| 100 | @a20030513d2002 km y0chiy0120 ea | |
| 101 | 0 | @achi |
| 105 | @af z 000yy | |
| 200 | 1 | @a兰花花叶多艺品鉴赏@ALan Hua Hua Ye Duo Yi Pin Jian Shang@f刘清涌编著@FLiu Qing Yong Bian Zhu |
| 210 | @a福州@c福建科学技术出版社@d2002 | |
| 215 | @a73页@c彩图@d20cm | |
| 606 | 0 | @a观赏园艺 |
| 606 | 0 | @a兰科@x花卉@x鉴赏@x图集 |
| 606 | 0 | @a园林树木 |
| 690 | @aS682.31@v4 | |
| 701 | 0 | @a刘清涌@4编著 |
| 801 | @aCN@bTSTC@c20030513 | |
| 905 | @b323321-323@dS682.31@e59@f3 | |
| 兰花花叶多艺品鉴赏/刘清涌编著.-福州:福建科学技术出版社,2002 |
| 73页:彩图;20cm |
| ISBN 7-5335-2044-0:CNY18.00 |
| ● |
| 相关链接 |
|
|
|
|
正题名:兰花花叶多艺品鉴赏
索取号:S682.31/59
 
预约/预借
| 序号 | 登录号 | 条形码 | 馆藏地/架位号 | 状态 | 备注 |
| 1 | 0323321 | 203233214 | 第三借阅区/ [索取号:S682.31/59] | 在馆 | |
| 2 | 0323322 | 203233223 | 第三借阅区/ [索取号:S682.31/59] | 在馆 | |
| 3 | 0323323 | 203233232 | 第二样本阅览室/ [索取号:S682.31/59] | 在馆 |